00357nam a2200121Ia 450000500170000000800410001708200130005810000180007124500750008926000480016430000120021265000110022420240610031046.0240331s9999 xx 000 0 und d bPALa365 aFahoum, S. ed 0aPalestinian political women prisoners and detainees in Israeli prisons bInternational Review of the Red Crossc1970 a129 p., aWomen